Central Library OPAC University of Rajshahi

বাংলাদেশের কবিতা : (Record no. 2965)

MARC details
000 -LEADER
fixed length control field 01042nam a2200241 a 4500
001 - CONTROL NUMBER
control field 2965
003 - CONTROL NUMBER IDENTIFIER
rucl marc code BD-RjUL
005 - DATE AND TIME OF LATEST TRANSACTION
control field 20211208233642.0
008 - FIXED-LENGTH DATA ELEMENTS--GENERAL INFORMATION
fixed length control field 161229s2007 bg a 001 0 ben d
020 ## - INTERNATIONAL STANDARD BOOK NUMBER
International Standard Book Number 9840745581
Terms of availability : Tk.280.00
035 ## - SYSTEM CONTROL NUMBER
System control number (BD-RjUL)2993
040 ## - CATALOGING SOURCE
Original cataloging agency BD-RjUL
Transcribing agency BD-RjUL
Modifying agency BD-RjUL
Language of cataloging ben
041 ## - LANGUAGE CODE
Language code of text/sound track or separate title ben
082 04 - DEWEY DECIMAL CLASSIFICATION NUMBER
Edition number 22
Classification number 891.44109
Author mark and year HOB 2007
100 1# - MAIN ENTRY--PERSONAL NAME
Personal name হোসেন, অনু
9 (RLIN) 9450
245 10 - TITLE STATEMENT
Title বাংলাদেশের কবিতা :
Remainder of title লোকসংস্কৃতির নন্দনতত্ত্ব (১৯৪৭-১৯৯৬) /
Statement of responsibility, etc. অনু হোসেন
260 ## - PUBLICATION, DISTRIBUTION, ETC. (IMPRINT)
Place of publication, distribution, etc. ঢাকা :
Name of publisher, distributor, etc. বাংলা একাডেমী,
Date of publication, distribution, etc. ২০০৭
300 ## - PHYSICAL DESCRIPTION
Pagination ৩৭৯ পৃ. ;
Size ২২ সেমি.
504 ## - BIBLIOGRAPHY, ETC. NOTE
Bibliography, etc গ্রন্থপঞ্জি সংযুক্ত
650 #0 - SUBJECT ADDED ENTRY--TOPICAL TERM
Topical term or geographic name as entry element বাংলা কবিতা
9 (RLIN) 9451
Geographic subdivision বাংলাদেশ
Form subdivision ইতিহাস ও সমালোচনা
Topical term or geographic name as entry element Bengali poetry
9 (RLIN) 117526
Geographic subdivision Bangladesh
Form subdivision History and criticism.
942 ## - ADDED ENTRY ELEMENTS (KOHA)
Source of classification or shelving scheme Dewey Decimal Classification
Koha item type Books
Holdings
Lost status Source of classification or shelving scheme Damaged status Not for loan Collection code Permanent Location Current Location Shelving location Date acquired Source of acquisition Cost, normal purchase price Total Checkouts Full call number Date last seen Date checked out Copy number Koha item type
  Dewey Decimal Classification     Non-fiction Central Library, University of Rajshahi Central Library, University of Rajshahi   25/07/2012 Bangla Academy, Dhaka 280.00 3 B 891.44109 HOB 2007 26/08/2025 25/08/2025 C-3 Books
  Dewey Decimal Classification   Not For Loan Non-fiction Central Library, University of Rajshahi Central Library, University of Rajshahi Reading Room 25/07/2012 Bangla Academy, Dhaka. 280.00   B 891.44109 HOB 2007 29/12/2016   C-1 Books
  Dewey Decimal Classification     Non-fiction Central Library, University of Rajshahi Central Library, University of Rajshahi   25/07/2012 Bangla Academy, Dhaka. 280.00 11 B 891.44109 HOB 2007 05/01/2025 19/12/2024 C-2 Books